000 00480nam a22001817a 4500
003 MPLRDC
005 20220104113612.0
008 210129b ||||| |||| 00| 0 eng d
020 _a7-5324-1502-3
082 _a307.9 ZLR v.2 c.2
100 _a朱丽蓉 文字编辑
245 _a彩图幼儿知识百科. 下卷
_c
250 _a一版一刷
260 _a中国
_b少年儿童出版社
_c1992
300 _b190
650 _a通俗科学故事
942 _cBK
_o307.9 ZLR v.2 c.2
999 _c906
_d896